01742nam a2200349 a 4500001001200000003000800012006001900020007001500039008004100054010001700095020003500112040002100147035002100168043003000189050002400219082002000243100002300263245009300286260004500379300002300424490007900447504006400526505033400590533015200924651002101076651004101097655002901138710001701167830006501184856012601249999001701375ebr10156416CaPaEBRm u cr cn|||||||||051107s2006 ohub sb s001 0 eng  z 2005032141 z0896802485 (pbk. : alk. paper) aCaPaEBRcCaPaEBR a(OCoLC)191944013 ae-po---af------af-ao---14aDT1325b.B55 2006eb04a325/.3409672221 aBirmingham, David.10aEmpire in Africah[electronic resource] :bAngola and its neighbors /cDavid Birmingham. aAthens :bOhio University Press,cc2006. aix, 190 p. :bmap.1 aOhio University research in international studies. Africa series ;vno. 84 aIncludes bibliographical references (p. 179-184) and index.0 aThe idea of empire -- Wine, women, and war -- Merchants and missionaries -- A Swiss community in highland Angola -- The case of Belgium and Portugal -- Race and class in a "fascist" colony -- The death throes of empire -- Destabilizing the neighborhood -- Carnival at Luanda -- The struggle for power -- A journey through Angola. aElectronic reproduction.bPalo Alto, Calif. :cebrary,d2013.nAvailable via World Wide Web.nAccess may be limited to ebrary affiliated libraries. 0aAngolaxHistory. 0aPortugalxColonieszAfricaxHistory. 7aElectronic books.2local2 aebrary, Inc. 0aResearch in international studies.pAfrica series ;vno. 84.40uhttp://site.ebrary.com/lib/rucke/Doc?id=10156416zAn electronic book accessible through the World Wide Web; click to view c93581d93581